[Event "DVM U10 2013"]
[Site "Magdeburg GER"]
[Date "2013.12.28"]
[Round "5"]
[White "Bornemann, Malte"]
[Black "Cheng, Dino Liwen"]
[Result "0-1"]
[Termination "normal"]
[Board "18.3"]
[WhiteElo "600"]
[BlackElo "600"]
[WhiteTeam "SK Blauer Springer Paderborn 2"]
[BlackTeam "SK München Südost"]
[WhiteFideId "16284470"]
[EventCountry "GER"]
[EventRounds "6"]
[EventType "team-swiss"]
[EventDate "2013.12.27"]

1. e4 c5 2. Bc4 Nc6 3. Qh5 g6 4. Qf3 Nf6 5. c3 $146 d6 6. d4 cxd4 7. cxd4 Bg4
8. Qc3 Bg7 9. e5 dxe5 10. dxe5 Nd5 11. Ne2 Nxc3 12. Nbxc3 Bxe5 13. f4 Bg7 14.
h3 Bf5 15. g4 Be4 16. Nxe4 Qa5+ 17. Bd2 Qc7 18. Bc3 Bxc3+ 19. N4xc3 Nd4 20.
O-O-O Qxc4 0-1

[Event "DVM U10 2013"]
[Site "Magdeburg GER"]
[Date "2013.12.28"]
[Round "5"]
[White "Grunert, Wilhelm"]
[Black "Yin, Haode"]
[Result "0-1"]
[Termination "normal"]
[Board "18.4"]
[WhiteElo "600"]
[BlackElo "600"]
[WhiteTeam "SK München Südost"]
[BlackTeam "SK Blauer Springer Paderborn 2"]
[WhiteFideId "12995673"]
[BlackFideId "16261348"]
[EventCountry "GER"]
[EventRounds "6"]
[EventType "team-swiss"]
[EventDate "2013.12.27"]

1. d4 d5 2. Nc3 Bf5 3. Bf4 a6 4. Nf3 Nc6 5. g3 Nb4 6. Bg2 Nxc2+ 7. Kf1 Nxa1 8.
Qxa1 g6 9. Ng5 Nf6 10. Be5 Bg7 11. Bxf6 Bxf6 12. Qc1 e6 13. Bf3 Bxg5 14. e3
Bd3+ 15. Ke1 O-O 16. Qd1 Bf5 17. g4 Be4 18. Bxe4 dxe4 19. Nxe4 b6 20. f4 Bh4+
21. Ng3 c5 22. Rf1 cxd4 23. exd4 Rc8 24. f5 exf5 25. gxf5 b5 26. fxg6 fxg6 27.
Rxf8+ Kxf8 28. Qf3+ Qf6 29. Qg4 Rc1+ 30. Kd2 Qg5+ 31. Kd3 Qxg4 32. Ne2 Rd1+ 33.
Ke3 Re1 34. Kd2 Qxe2+ 35. Kc3 Qc4+ 36. Kd2 Re8 37. Kd1 Qe2+ 38. Kc1 Qf2 39. b3
Re1# 0-1

[Event "DVM U10 2013"]
[Site "Magdeburg GER"]
[Date "2013.12.28"]
[Round "5"]
[White "Trautmann, Leon"]
[Black "von Schoenebeck, Konstantin"]
[Result "0-1"]
[Termination "normal"]
[Board "19.1"]
[WhiteElo "868"]
[BlackElo "868"]
[WhiteTeam "SG Blau-Weiß Stadtilm 3"]
[BlackTeam "Schachpinguine Berlin 2"]
[BlackFideId "12977349"]
[EventCountry "GER"]
[EventRounds "6"]
[EventType "team-swiss"]
[EventDate "2013.12.27"]

1. e4 e5 2. Nf3 Nc6 3. Nc3 Nf6 4. Bc4 Nxe4 5. Nxe4 d5 6. Bb5 dxe4 7. Nxe5 Bd7
8. Nxf7 Kxf7 9. Qh5+ Ke7 10. Qg5+ Ke8 11. Qh5+ g6 12. Qg4 Bxg4 13. O-O Bd6 14.
h3 Qf6 15. hxg4 Qe5 16. Re1 Qxb5 17. Rxe4+ Be5 18. d4 Nxd4 19. Bf4 Ne2+ 0-1

[Event "DVM U10 2013"]
[Site "Magdeburg GER"]
[Date "2013.12.28"]
[Round "5"]
[White "Prasser, Oskar"]
[Black "Belkovich, Ivan"]
[Result "0-1"]
[Termination "normal"]
[Board "19.3"]
[WhiteElo "600"]
[BlackElo "790"]
[WhiteTeam "SG Blau-Weiß Stadtilm 3"]
[BlackTeam "Schachpinguine Berlin 2"]
[EventCountry "GER"]
[EventRounds "6"]
[EventType "team-swiss"]
[EventDate "2013.12.27"]

1. e4 e5 2. Nf3 Nc6 3. Bc4 Nf6 4. Nc3 Bc5 5. d3 d6 6. Bg5 Bg4 7. O-O Bxf3 8.
Qxf3 h6 9. Bxf6 gxf6 10. Nd5 f5 11. exf5 Qg5 {nicht mehr nachvollziehbar} 0-1

[Event "DVM U10 2013"]
[Site "Magdeburg GER"]
[Date "2013.12.28"]
[Round "5"]
[White "Heyne, Patrick"]
[Black "Mirschel, Thaddeus"]
[Result "1-0"]
[Termination "normal"]
[Board "20.1"]
[WhiteElo "840"]
[BlackElo "774"]
[WhiteTeam "SC 1994 Oberland 2"]
[BlackTeam "Schachzwerge Magdeburg 2"]
[BlackFideId "16277570"]
[EventCountry "GER"]
[EventRounds "6"]
[EventType "team-swiss"]
[EventDate "2013.12.27"]

1. e4 e5 2. Nf3 Nc6 3. Bc4 Nf6 4. Ng5 d5 5. exd5 Na5 6. b3 c6 7. dxc6 bxc6 8.
Bb2 Bc5 9. Nc3 Qd4 10. O-O Qh4 11. d4 Bxd4 12. Nf3 Qh5 13. Nxd4 Bg4 14. h3 exd4
15. hxg4 Qh4 16. g5 Ne4 17. Nxe4 Qxe4 18. Bd3 Qh4 19. Qe2+ Kf8 20. Rfe1 Nb7 21.
Qe7+ Kg8 22. Qe8+ Rxe8 23. Rxe8# 1-0

[Event "DVM U10 2013"]
[Site "Magdeburg GER"]
[Date "2013.12.28"]
[Round "5"]
[White "Heutling, Elina"]
[Black "Valenta, Hannes"]
[Result "1-0"]
[Termination "normal"]
[Board "20.2"]
[WhiteElo "850"]
[BlackElo "833"]
[WhiteTeam "Schachzwerge Magdeburg 2"]
[BlackTeam "SC 1994 Oberland 2"]
[WhiteFideId "16244729"]
[EventCountry "GER"]
[EventRounds "6"]
[EventType "team-swiss"]
[EventDate "2013.12.27"]

1. e4 e5 2. Nf3 Nc6 3. Bc4 Nf6 4. d3 Bb4+ 5. Nc3 d6 6. Bg5 Bg4 7. a3 Bc5 8. Nd5
Qd7 9. Bxf6 Qc8 10. Bxg7 Rg8 11. Nf6+ Ke7 12. Nxg8+ Qxg8 13. h3 Qxg7 14. hxg4
Kd7 15. Nh4 Qf6 16. Qe2 Rd8 17. Nf3 h6 18. O-O-O Kc8 19. Rh5 a6 20. g5 hxg5 21.
Nxg5 Qxf2 22. Qxf2 Bxf2 23. Nxf7 Be3+ 24. Kb1 Rf8 25. Re1 Bf2 26. Re2 Bg3 27.
Re3 Bf4 28. Reh3 Kd7 29. Rh8 Rxh8 30. Rxh8 b5 31. Bd5 Bg5 32. Nxg5 Nd4 33. Rh7+
Ke8 34. Rxc7 Kd8 35. Ne6+ Nxe6 36. Rh7 Ng5 37. Rh5 Ke7 38. Rxg5 Kf8 39. Kc1 Ke7
40. Kd2 Kf6 41. Rg8 Ke7 42. Ke3 a5 43. g4 b4 44. g5 bxa3 45. bxa3 a4 46. g6 Kd7
47. g7 Kc7 48. Rf8 Kb6 49. g8=Q Kc5 50. Rc8+ Kb6 51. Qd8+ Kb5 52. c4+ Ka6 53.
Ra8# 1-0

[Event "DVM U10 2013"]
[Site "Magdeburg GER"]
[Date "2013.12.28"]
[Round "5"]
[White "Seibt, Bruno"]
[Black "Weber, Willi"]
[Result "1-0"]
[Termination "normal"]
[Board "20.3"]
[WhiteElo "767"]
[BlackElo "600"]
[WhiteTeam "SC 1994 Oberland 2"]
[BlackTeam "Schachzwerge Magdeburg 2"]
[WhiteFideId "16219988"]
[EventCountry "GER"]
[EventRounds "6"]
[EventType "team-swiss"]
[EventDate "2013.12.27"]

1. e4 e5 2. Nf3 Nc6 3. Bc4 Nd4 4. Nxd4 exd4 5. c3 d3 6. Bxd3 d6 7. Bc4 Nf6 8.
d3 Bg4 9. Qb3 Be7 10. Bxf7+ Kd7 11. Qb5+ c6 12. Qxb7+ Qc7 13. Qxc7+ Kxc7 14.
O-O Rhf8 15. f3 Rxf7 16. fxg4 Nxg4 17. Rxf7 Re8 18. Bg5 Ne5 19. Rxe7+ Rxe7 20.
Bxe7 g6 21. d4 Nc4 22. b3 Ne3 23. Nd2 Nc2 24. Rf1 Ne3 25. Rf7 Nf5 26. exf5 gxf5
27. Rxh7 c5 28. dxc5 dxc5 29. Bxc5+ Kb8 30. h3 f4 31. g4 f3 32. Nxf3 a6 33. g5
a5 34. g6 a4 35. g7 axb3 36. g8=R# 1-0

[Event "DVM U10 2013"]
[Site "Magdeburg GER"]
[Date "2013.12.28"]
[Round "5"]
[White "Currenti, Gianluca"]
[Black "Lehns, Adrian"]
[Result "0-1"]
[Termination "normal"]
[Board "20.4"]
[WhiteElo "600"]
[BlackElo "758"]
[WhiteTeam "Schachzwerge Magdeburg 2"]
[BlackTeam "SC 1994 Oberland 2"]
[EventCountry "GER"]
[EventRounds "6"]
[EventType "team-swiss"]
[EventDate "2013.12.27"]

1. e4 e5 2. Nf3 Nc6 3. Nc3 Bc5 4. Bc4 d6 5. d3 Nf6 6. Ng5 O-O 7. Nxf7 Rxf7 8.
Bxf7+ Kxf7 9. Bg5 Bxf2+ 10. Kxf2 Ng4+ 11. Kg3 Qxg5 12. Nd5 Ne3+ 13. Qg4 Qxg4+
14. Kf2 Nxc2 15. Rac1 N2d4 16. h3 Qf4+ 17. Ke1 Qxc1+ 18. Kf2 Qxh1 19. Nxc7 Rb8
20. b3 Qh2 21. a3 Bxh3 22. Kf1 Qxg2+ 23. Ke1 Qe2# 0-1

[Event "DVM U10 2013"]
[Site "Magdeburg GER"]
[Date "2013.12.28"]
[Round "5"]
[White "Kohl, Natalie"]
[Black "Fricke, Janek Konrad"]
[Result "0-1"]
[Termination "normal"]
[Board "21.1"]
[WhiteElo "979"]
[BlackElo "900"]
[WhiteTeam "Meuselwitzer SV"]
[BlackTeam "Schachunion Berlin"]
[WhiteFideId "12967408"]
[BlackFideId "12997471"]
[EventCountry "GER"]
[EventRounds "6"]
[EventType "team-swiss"]
[EventDate "2013.12.27"]

1. e4 c5 2. Nf3 Nc6 3. d4 cxd4 4. Nxd4 g6 5. Nf3 Bg7 6. Bb5 Nf6 7. Nc3 O-O 8.
O-O a6 9. Bxc6 bxc6 10. Re1 Re8 11. Bg5 d6 12. h3 Qb6 13. Rb1 Bd7 14. e5 Nh5
15. exd6 exd6 16. Na4 Qc7 17. Qd2 d5 18. Nc5 Qc8 19. Rxe8+ Bxe8 20. c3 Nf6 21.
Re1 Bd7 22. Nxd7 Qxd7 23. Ne5 Qd6 24. Qf4 Re8 25. b3 c5 26. c4 d4 27. Nd3 Rxe1+
28. Nxe1 Qxf4 29. Bxf4 h6 30. Bd6 Bf8 31. Bxf8 Kxf8 32. Nd3 Nd7 33. a4 a5 34.
f4 Ke7 35. Kf2 Kf6 36. g4 h5 37. g5+ Ke6 38. h4 Kd6 39. Kg3 Nf8 40. Nf2 Ke6 41.
Ne4 Nd7 42. Nf2 Kf5 43. Nd3 Ke4 44. Nf2+ Ke3 45. Nd1+ Ke2 46. Nb2 d3 47. Kg2 d2
48. Kg3 Nb8 49. Kg2 Nc6 50. Kg1 Nb4 51. Nd1 Kxd1 52. Kf1 Kc2 53. Kf2 d1=Q 54.
Ke3 Qd3+ 55. Kf2 Na2 56. b4 Nxb4 57. Kg2 Qe3 58. f5 Qe4+ 59. Kg3 Qxf5 60. Kg2
Qf4 61. Kh3 Qg4+ 62. Kh2 Kd2 63. Kh1 Ke2 64. Kh2 Kf2 65. Kh1 Qg2# 0-1

[Event "DVM U10 2013"]
[Site "Magdeburg GER"]
[Date "2013.12.28"]
[Round "5"]
[White "Freier, Leon Michel"]
[Black "Meyer, Jessica"]
[Result "1-0"]
[Termination "normal"]
[Board "21.2"]
[WhiteElo "867"]
[BlackElo "802"]
[WhiteTeam "Schachunion Berlin"]
[BlackTeam "Meuselwitzer SV"]
[WhiteFideId "12992895"]
[BlackFideId "16230019"]
[EventCountry "GER"]
[EventRounds "6"]
[EventType "team-swiss"]
[EventDate "2013.12.27"]

1. e4 e5 2. Nf3 Nc6 3. Bc4 Bc5 4. d3 Nf6 5. Nc3 O-O 6. Bg5 Qe8 7. Bxf6 gxf6 8.
Nh4 Ne7 9. Qg4+ Ng6 10. Nxg6 hxg6 11. Qh4 Kg7 12. O-O d6 13. Kh1 Be6 14. Bb5
Qd8 15. f4 c6 16. Bc4 Bxc4 17. dxc4 Re8 18. fxe5 dxe5 19. Rf3 Kf8 20. Rxf6 Ke7
21. Rxg6+ Kd7 22. Qg4+ Kc7 23. Rg7 Rf8 24. Rf1 Bd4 25. Rfxf7+ Rxf7 26. Rxf7+
Kb6 27. Rd7 Qf8 28. Qf3 Qxf3 29. gxf3 Rg8 30. Rxd4 exd4 31. Ne2 Kc5 32. b3 Kb4
33. h3 Ka3 34. Kh2 Kb2 35. Nxd4 Kc3 36. Nf5 Kxc2 37. e5 Re8 38. Nd6 Rxe5 39.
Nxb7 Kd1 40. Na5 Ke2 41. Kg3 Rg5+ 42. Kf4 Rxa5 43. Kg4 Rxa2 44. f4 Rd2 45. f5
Rd4+ 46. Kg5 Rd6 47. f6 Kf3 48. h4 Re6 49. Kg6 Re8 50. f7 Rf8 51. h5 Kg4 52. h6
a5 53. Kg7 Rd8 54. h7 a4 55. bxa4 Kg5 56. h8=Q Rxh8 57. Kxh8 Kf6 58. f8=Q+ Ke5
59. Qc5+ Ke4 60. Kg7 Kd3 61. Qxc6 Kc3 62. Qd5 Kc2 63. Qd4 1-0

[Event "DVM U10 2013"]
[Site "Magdeburg GER"]
[Date "2013.12.28"]
[Round "5"]
[White "Zehr, Selina"]
[Black "Fricke, Edna Marlene"]
[Result "0-1"]
[Termination "normal"]
[Board "21.3"]
[WhiteElo "788"]
[BlackElo "732"]
[WhiteTeam "Meuselwitzer SV"]
[BlackTeam "Schachunion Berlin"]
[WhiteFideId "16235282"]
[BlackFideId "12988839"]
[EventCountry "GER"]
[EventRounds "6"]
[EventType "team-swiss"]
[EventDate "2013.12.27"]

1. e4 c5 2. Bc4 Nc6 3. Nc3 g6 4. Nf3 Bg7 5. O-O Nf6 6. d3 d6 7. Ng5 d5 8. Bxd5
Nxd5 9. Nxd5 O-O 10. Re1 e6 11. Nf4 e5 12. Nd5 Nd4 13. c3 Nc6 14. a3 b5 15. Bd2
Rb8 16. Nf3 Be6 17. Ne3 Qe7 18. Nd5 Qd7 19. Ng5 Bxd5 20. exd5 Qxd5 21. Qc1 b4
22. c4 Qxd3 23. Re3 Qd8 24. Rh3 h6 25. Qb1 Qe7 26. Rg3 Rbd8 27. Qd1 e4 28. Nh3
Bxb2 29. Rb1 bxa3 30. Bxh6 Rfe8 31. Qa4 Nb4 32. Bg5 Qd7 33. Qd1 Qxd1+ 34. Rxd1
Rxd1# 0-1

[Event "DVM U10 2013"]
[Site "Magdeburg GER"]
[Date "2013.12.28"]
[Round "5"]
[White "Diedrich, Ben"]
[Black "Schuhknecht, Maja"]
[Result "0-1"]
[Termination "normal"]
[Board "21.4"]
[WhiteElo "600"]
[BlackElo "753"]
[WhiteTeam "Schachunion Berlin"]
[BlackTeam "Meuselwitzer SV"]
[EventCountry "GER"]
[EventRounds "6"]
[EventType "team-swiss"]
[EventDate "2013.12.27"]

1. e4 e5 2. Nf3 Nc6 3. Nc3 Nf6 4. Bc4 d6 5. O-O Bg4 6. Qe2 Be7 7. d4 exd4 8.
Nd1 O-O 9. Qd2 Nxe4 10. Qd3 Nc5 11. Nxd4 0-1

[Event "DVM U10 2013"]
[Site "Magdeburg GER"]
[Date "2013.12.28"]
[Round "5"]
[White "Demirkiran, Can Max"]
[Black "Floeter, Nina"]
[Result "0-1"]
[Termination "normal"]
[Board "22.2"]
[WhiteElo "866"]
[BlackElo "747"]
[WhiteTeam "SK Weisse Dame Hamburg"]
[BlackTeam "Schach-Kids Bernhausen 2"]
[EventCountry "GER"]
[EventRounds "6"]
[EventType "team-swiss"]
[EventDate "2013.12.27"]

1. e4 e5 2. Nf3 Nc6 3. Bc4 Bc5 4. Nc3 Nf6 5. d3 O-O 6. Be3 Bxe3 7. fxe3 d6 8.
Qd2 d5 9. Nxd5 Be6 10. Nxe5 Nxe5 11. Nxf6+ Qxf6 12. Bxe6 Qxe6 13. d4 Nc4 14.
Qb4 a5 15. Qxb7 Nxe3 16. d5 Qxe4 17. Qxc7 Nxc2+ 18. Kd2 Nxa1 19. Rxa1 Qxd5+ 20.
Kc3 Rac8 21. Qxc8 Rxc8# 0-1

[Event "DVM U10 2013"]
[Site "Magdeburg GER"]
[Date "2013.12.28"]
[Round "5"]
[White "Akbaba, Eren"]
[Black "Türk, Janusch"]
[Result "0-1"]
[Termination "normal"]
[Board "22.3"]
[WhiteElo "758"]
[BlackElo "805"]
[WhiteTeam "Schach-Kids Bernhausen 2"]
[BlackTeam "SK Weisse Dame Hamburg"]
[BlackFideId "16216717"]
[EventCountry "GER"]
[EventRounds "6"]
[EventType "team-swiss"]
[EventDate "2013.12.27"]

1. e4 e5 2. Nf3 Nc6 3. Bc4 Bc5 4. d3 Nf6 5. O-O d6 6. h3 Be6 7. Bxe6 fxe6 8.
Bg5 O-O 9. Nc3 Qe7 10. Bxf6 Rxf6 11. Nb5 Raf8 12. Rb1 a6 13. Nc3 Nd4 14. Nxd4
Bxd4 15. Ne2 Bxf2+ 16. Kh1 Qf7 17. Nc3 Qg6 18. Ra1 Qg5 19. a3 Rg6 20. g4 Qh4
21. a4 Qxh3# 0-1

[Event "DVM U10 2013"]
[Site "Magdeburg GER"]
[Date "2013.12.28"]
[Round "5"]
[White "Tolle-Hampel, Theo"]
[Black "Watzal, Simon"]
[Result "1-0"]
[Termination "normal"]
[Board "22.4"]
[WhiteElo "600"]
[BlackElo "600"]
[WhiteTeam "SK Weisse Dame Hamburg"]
[BlackTeam "Schach-Kids Bernhausen 2"]
[EventCountry "GER"]
[EventRounds "6"]
[EventType "team-swiss"]
[EventDate "2013.12.27"]

1. e4 e6 2. Nc3 Nf6 3. e5 Nd5 4. Nxd5 exd5 5. d4 Nc6 6. Bf4 f6 7. Nf3 fxe5 8.
dxe5 d6 9. exd6 Bxd6 10. Bxd6 Qxd6 11. Bb5 Bd7 12. O-O Ne5 13. Bxd7+ Nxd7 14.
Re1+ Kd8 15. Ng5 h6 16. Nf7+ Kc8 17. Nxd6+ cxd6 18. Qxd5 Kc7 19. Qf7 Rhg8 20.
Qc4+ Kb8 21. Re7 Nb6 22. Qc7# 1-0

[Event "DVM U10 2013"]
[Site "Magdeburg GER"]
[Date "2013.12.28"]
[Round "5"]
[White "Voß, Torben"]
[Black "Späth, Carl-Luca"]
[Result "0-1"]
[Termination "normal"]
[Board "23.1"]
[WhiteElo "885"]
[BlackElo "784"]
[WhiteTeam "Schachzwerge Magdeburg 3"]
[BlackTeam "SK Neumarkt e.V."]
[EventCountry "GER"]
[EventRounds "6"]
[EventType "team-swiss"]
[EventDate "2013.12.27"]

1. e4 e5 2. Nf3 Nc6 3. Bc4 Bc5 4. c3 Qf6 5. d4 exd4 6. cxd4 Nxd4 7. Nxd4 Bxd4
8. O-O Ne7 9. Re1 Bxb2 10. Bxb2 Qxb2 11. Qf3 O-O 12. Nc3 Qb4 13. Qd3 Qd6 14.
Qf3 Qc6 15. Qd3 d6 16. Bb3 Qd7 17. Bc2 Ng6 18. Rad1 Qg4 19. h3 Qg5 20. Qf3 Nf4
21. g4 h5 22. Nd5 Nxd5 23. Rxd5 Qg6 24. Rxh5 d5 25. Re2 Qc6 26. exd5 Qd6 27.
Bh7+ Kh8 28. Be4+ Kg8 29. g5 Qb6 30. Qg4 Bxg4 31. hxg4 g6 32. Rh1 Rfe8 33. Kf1
Qd4 34. Bf3 Qd1+ 35. Kg2 Qxe2 36. Bxe2 Rxe2 37. Rh3 Rxa2 0-1

[Event "DVM U10 2013"]
[Site "Magdeburg GER"]
[Date "2013.12.28"]
[Round "5"]
[White "Lenz, Sebastian"]
[Black "Currenti, Alessandro"]
[Result "1-0"]
[Termination "normal"]
[Board "23.2"]
[WhiteElo "751"]
[BlackElo "720"]
[WhiteTeam "SK Neumarkt e.V."]
[BlackTeam "Schachzwerge Magdeburg 3"]
[BlackFideId "12998907"]
[EventCountry "GER"]
[EventRounds "6"]
[EventType "team-swiss"]
[EventDate "2013.12.27"]

1. e4 e5 2. Nf3 Nc6 3. Bc4 Bc5 4. O-O Nf6 5. Nc3 O-O 6. Nh4 d6 7. Nf5 Bxf5 8.
exf5 Qd7 9. Bd3 Rad8 10. Ne4 Nxe4 11. Bxe4 Nd4 12. f6 g6 13. c3 Nf5 14. b4 Bb6
15. a4 a5 16. Bxb7 Nh6 17. d3 Ng4 18. Bf3 Nxf2 19. Qd2 axb4 20. Qh6 Nh3+ 21.
Kh1 Nf2+ 22. Rxf2 Bxf2 23. Qg7# 1-0

[Event "DVM U10 2013"]
[Site "Magdeburg GER"]
[Date "2013.12.28"]
[Round "5"]
[White "Prick, Paul"]
[Black "Franke, Josef"]
[Result "1-0"]
[Termination "normal"]
[Board "23.3"]
[WhiteElo "779"]
[BlackElo "815"]
[WhiteTeam "Schachzwerge Magdeburg 3"]
[BlackTeam "SK Neumarkt e.V."]
[EventCountry "GER"]
[EventRounds "6"]
[EventType "team-swiss"]
[EventDate "2013.12.27"]

1. e4 e5 2. Nf3 Nc6 3. Nc3 Bb4 4. Bc4 Nf6 5. d3 O-O 6. Bg5 d6 7. a3 Bc5 8. Nd5
h6 9. Bh4 Be6 10. Nxf6+ Kh8 11. Nh7 Qe8 12. Nxf8 Qxf8 13. Bxe6 fxe6 14. c3 d5
15. d4 Na5 16. dxc5 Re8 17. O-O Nc4 18. Rb1 Qf4 19. Bg3 Qxe4 20. Re1 Qf5 21.
Nxe5 Nxe5 22. Bxe5 Rg8 23. Qf3 Qc2 24. Rec1 Qa4 25. Qd1 Qe4 26. Qe1 Qg6 27. Qd2
Rf8 28. Qc2 Qg5 29. Bd4 e5 30. Be3 Qh4 31. Rf1 d4 32. cxd4 exd4 33. Bxd4 Qxd4
34. Qd1 Qxc5 35. Rc1 Qb6 36. Qe2 Qg6 37. Qe3 Qf6 38. Qf3 Qe7 39. Qd1 Rf6 40.
Qe1 Qc5 41. Rxc5 1-0

[Event "DVM U10 2013"]
[Site "Magdeburg GER"]
[Date "2013.12.28"]
[Round "5"]
[White "Burger, Daiana"]
[Black "Telesh, Volodymyr"]
[Result "0-1"]
[Termination "normal"]
[Board "23.4"]
[WhiteElo "733"]
[BlackElo "768"]
[WhiteTeam "SK Neumarkt e.V."]
[BlackTeam "Schachzwerge Magdeburg 3"]
[WhiteFideId "16217233"]
[EventCountry "GER"]
[EventRounds "6"]
[EventType "team-swiss"]
[EventDate "2013.12.27"]

1. e4 e5 2. Nf3 Nc6 3. Nc3 Nf6 4. Bb5 Bb4 5. O-O O-O 6. d3 d6 7. Bg5 Bg4 8. Bc4
Qd7 9. Qe2 Rfe8 10. Bb5 Qe6 11. Bc4 Qe7 12. Nd5 Qd8 13. Nxf6+ Kh8 14. c3 Ba5
15. Nh4 Bxe2 16. Rfe1 Bh5 17. Nf3 Bxf3 18. Re3 Bg4 19. Rg3 Bc8 20. Rf3 Re7 21.
g4 h6 22. Be3 a6 23. Rh3 gxf6 24. Rxh6+ Kg7 25. Kh1 0-1

[Event "DVM U10 2013"]
[Site "Magdeburg GER"]
[Date "2013.12.28"]
[Round "5"]
[White "Frank, Cillian"]
[Black "Rößler, Karl-Georg"]
[Result "0-1"]
[Termination "normal"]
[Board "24.1"]
[WhiteElo "746"]
[BlackElo "1063"]
[WhiteTeam "TuRa Harksheide 2"]
[BlackTeam "SC 1994 Oberland 1"]
[WhiteFideId "16245202"]
[BlackFideId "12984469"]
[EventCountry "GER"]
[EventRounds "6"]
[EventType "team-swiss"]
[EventDate "2013.12.27"]

1. e4 e5 2. Nf3 Nc6 3. Bc4 Nf6 4. Nc3 Nxe4 5. Nxe4 d5 6. Bxd5 Qxd5 7. d3 Bf5 8.
Nc3 Qd7 9. O-O O-O-O 10. Be3 Be7 11. Ng5 Bxg5 12. Bxg5 f6 13. Be3 g5 14. Qf3 h5
15. Rad1 g4 16. Qg3 h4 17. Qf3 gxf3 18. gxf3 Bh3 19. f4 Qg7+ 20. Kh1 Qg2# 0-1

[Event "DVM U10 2013"]
[Site "Magdeburg GER"]
[Date "2013.12.28"]
[Round "5"]
[White "Rößler, Philipp"]
[Black "Rößl, Sara"]
[Result "1-0"]
[Termination "normal"]
[Board "24.4"]
[WhiteElo "696"]
[BlackElo "600"]
[WhiteTeam "SC 1994 Oberland 1"]
[BlackTeam "TuRa Harksheide 2"]
[WhiteFideId "16209885"]
[BlackFideId "16255828"]
[EventCountry "GER"]
[EventRounds "6"]
[EventType "team-swiss"]
[EventDate "2013.12.27"]

1. e4 e5 2. Nf3 Nc6 3. Bc4 Bc5 4. c3 Nf6 5. d4 exd4 6. cxd4 Bb4+ 7. Nc3 Bxc3+
8. bxc3 Nxe4 9. Ba3 Nxc3 10. Qc2 Qe7+ 11. Bxe7 Nxe7 12. Qxc3 b5 13. Bxb5 Rb8
14. Ba4 O-O 15. Qxc7 Rb4 16. Bxd7 Ba6 17. Qc5 Rb7 18. Qxe7 Rb2 {Rest nicht
nachvollziehbar} 1-0

[Event "DVM U10 2013"]
[Site "Magdeburg GER"]
[Date "2013.12.28"]
[Round "5"]
[White "Krüger, Oliver"]
[Black "Tünte, Henning"]
[Result "1-0"]
[Termination "normal"]
[Board "25.1"]
[WhiteElo "771"]
[BlackElo "790"]
[WhiteTeam "SF Hettstedt"]
[BlackTeam "SG Turm Raesfeld/Erle 2"]
[WhiteFideId "16246985"]
[EventCountry "GER"]
[EventRounds "6"]
[EventType "team-swiss"]
[EventDate "2013.12.27"]

1. e4 e5 2. Nf3 Nf6 3. Nxe5 Qe7 4. Nf3 Nxe4 5. Qe2 d5 6. d3 Nf6 7. Be3 Bg4 8.
Nc3 Qd8 9. Nb5 Nc6 10. Bf4+ Kd7 11. Nxc7 Rc8 12. Nb5 Bb4+ 13. c3 Re8 14. Be3
Bc5 15. d4 Bd6 16. Qd2 Bf4 17. Be2 Ne4 18. Qd3 Bf5 19. Bxf4 Qf6 20. Nc7 Rxc7
21. Bxc7 Kxc7 22. O-O Ng3 23. Qb5 Nxe2+ 24. Kh1 a6 25. Qxd5 Qg6 26. Nh4 Qg5 27.
Qxf7+ Re7 28. Qxf5 Qxh4 29. Rfe1 Nf4 30. Rxe7+ Qxe7 31. Qxf4+ Kd7 32. Qg4+ Ke8
33. Qd1 Kf7 34. Qb3+ Kf6 35. c4 Qe2 36. Kg1 Nxd4 37. Qb6+ Ne6 38. h3 Qxc4 39.
Qxb7 a5 40. Qf3+ Ke7 41. Re1 g6 42. Qb7+ Kf6 43. Qxh7 Qd5 44. Qh4+ g5 45. Qh8+
Kf5 46. Qh7+ Kf6 47. Qh8+ Kf5 48. g4+ Kg6 49. Qg8+ Kf6 50. Qh8+ Kg6 51. Qe8+
Kf6 52. Qxe6+ Qxe6 53. Rxe6+ Kxe6 54. Kg2 Ke5 55. Kf3 -- 56. Kg3 a4 57. h4 Kf6
58. hxg5+ Kxg5 59. f4+ Kf6 60. Kh4 Kg6 61. f5+ Kf6 62. Kh5 Kf7 63. g5 Kg7 64.
f6+ Kg8 65. Kh6 Kh8 66. g6 Kg8 67. g7 a3 68. bxa3 Kf7 {Rest nicht
nachvollziehbar} 1-0

[Event "DVM U10 2013"]
[Site "Magdeburg GER"]
[Date "2013.12.28"]
[Round "5"]
[White "Langenhorst, Janis"]
[Black "Graw, Alexander"]
[Result "1-0"]
[Termination "normal"]
[Board "25.2"]
[WhiteElo "600"]
[BlackElo "600"]
[WhiteTeam "SG Turm Raesfeld/Erle 2"]
[BlackTeam "SF Hettstedt"]
[BlackFideId "16227670"]
[EventCountry "GER"]
[EventRounds "6"]
[EventType "team-swiss"]
[EventDate "2013.12.27"]

1. e4 e5 2. Nf3 Nc6 3. Bc4 Bc5 4. d3 Nf6 5. Nc3 d6 6. h3 O-O 7. Bg5 h6 8. Bxf6
Qxf6 9. Nd5 Qd8 10. c3 Be6 11. d4 Bb6 12. Nxb6 axb6 13. d5 Bd7 14. dxc6 bxc6
15. O-O Ra4 16. b3 Ra5 17. Nh2 d5 18. Bd3 dxe4 19. Bxe4 Rc5 20. Rc1 Qe7 21. b4
Rc4 22. Qd3 b5 23. Bh7+ Kh8 24. Rfe1 g6 25. Qd2 Kxh7 26. Nf3 Bf5 27. Rxe5 Qf6
28. Ree1 c5 29. g4 Be6 30. Ne5 Rf4 31. Nd3 Rf3 32. bxc5 Rxh3 33. Nf4 Bxg4 34.
Nxh3 Bxh3 35. Qd3 Qg5+ 36. Qg3 Qxg3+ 37. fxg3 g5 38. Re7 c6 39. Kh2 Bf5 40. c4
bxc4 41. Rxc4 h5 42. a4 Kg6 43. Rc7 Re8 44. a5 Re2+ 45. Kg1 Re1+ 46. Kf2 Rh1
47. Rxc6+ Be6 48. a6 Kf5 49. a7 Ra1 50. Rc7 Bxc4 51. c6 Bb5 52. Rxf7+ Kg4 53.
c7 Ra2+ 54. Ke3 Ra3+ 55. Kd4 Rxa7 56. c8=Q+ 1-0

[Event "DVM U10 2013"]
[Site "Magdeburg GER"]
[Date "2013.12.28"]
[Round "5"]
[White "Gartenbach, Robin"]
[Black "Wenning, Thilo"]
[Result "1-0"]
[Termination "normal"]
[Board "25.3"]
[WhiteElo "600"]
[BlackElo "600"]
[WhiteTeam "SF Hettstedt"]
[BlackTeam "SG Turm Raesfeld/Erle 2"]
[EventCountry "GER"]
[EventRounds "6"]
[EventType "team-swiss"]
[EventDate "2013.12.27"]

1. e4 e5 2. Nf3 Nc6 3. d4 Bb4+ 4. Bd2 exd4 5. Bxb4 Nxb4 6. Nxd4 Nf6 7. c3 Nxe4
8. cxb4 Qh4 9. g3 Qf6 10. Qe2 Qxd4 11. Bg2 Qxb4+ 12. Nd2 Qxb2 13. Qxe4+ Kf8 14.
O-O Qxd2 15. Rfe1 g6 16. Qe8+ Kg7 17. Qe5+ Kh6 18. Re4 f6 19. Rh4+ Kg7 20. Qe7+
Kg8 21. Re4 d5 22. Re3 Bf5 23. Rae1 d4 24. Bd5+ Be6 25. Bxe6# 1-0

[Event "DVM U10 2013"]
[Site "Magdeburg GER"]
[Date "2013.12.28"]
[Round "5"]
[White "Mühl, Sophia"]
[Black "Kögler, Lukas"]
[Result "0-1"]
[Termination "normal"]
[Board "25.4"]
[WhiteElo "600"]
[BlackElo "600"]
[WhiteTeam "SG Turm Raesfeld/Erle 2"]
[BlackTeam "SF Hettstedt"]
[EventCountry "GER"]
[EventRounds "6"]
[EventType "team-swiss"]
[EventDate "2013.12.27"]

1. e4 e5 2. Nf3 Nc6 3. Bc4 Bc5 4. c3 d6 5. O-O Nf6 6. d4 Bb6 7. Bg5 O-O 8. Na3
Bg4 9. Nb5 Na5 10. Qa4 Nxc4 11. Qxc4 Nxe4 12. Rac1 Nxg5 13. Nxg5 exd4 14. cxd4
c6 15. Nc3 c5 16. d5 Qxg5 17. Ne4 Qg6 18. Nxd6 Bf3 19. Nxb7 Qxg2# 0-1